Thermal design and optimization / (Record no. 355896)
[ view plain ]
| 000 -LEADER | |
|---|---|
| fixed length control field | 01277cam a2200337 a 4500 |
| 001 - CONTROL NUMBER | |
| control field | 2559574 |
| 003 - CONTROL NUMBER IDENTIFIER | |
| control field | USPCAS-E |
| 005 - DATE AND TIME OF LATEST TRANSACTION | |
| control field | 20180118181417.0 |
| 008 - FIXED-LENGTH DATA ELEMENTS--GENERAL INFORMATION | |
| fixed length control field | 950310s1996 nyua 001 0 eng |
| 010 ## - LIBRARY OF CONGRESS CONTROL NUMBER | |
| LC control number | 95012071 |
| 020 ## - INTERNATIONAL STANDARD BOOK NUMBER | |
| International Standard Book Number | 0471584673 |
| 040 ## - CATALOGING SOURCE | |
| Original cataloging agency | DLC |
| Transcribing agency | DLC |
| Modifying agency | DLC |
| 050 00 - LIBRARY OF CONGRESS CALL NUMBER | |
| Classification number | TJ260 |
| Item number | .B433 1996 |
| 082 00 - DEWEY DECIMAL CLASSIFICATION NUMBER | |
| Classification number | 621.402 |
| Edition number | 20 |
| Author Mark | BEJ-1996 |
| 100 1# - MAIN ENTRY--PERSONAL NAME | |
| Personal name | Bejan, Adrian, |
| Dates associated with a name | 1948- |
| 245 10 - TITLE STATEMENT | |
| Title | Thermal design and optimization / |
| Statement of responsibility, etc. | Adrian Bejan, George Tsatsaronis, Michael Moran. |
| 260 ## - PUBLICATION, DISTRIBUTION, ETC. | |
| Place of publication, distribution, etc. | New York : |
| Name of publisher, distributor, etc. | Wiley, |
| Date of publication, distribution, etc. | c1996. |
| 300 ## - PHYSICAL DESCRIPTION | |
| Extent | xv, 542 p. : |
| Other physical details | ill. ; |
| Dimensions | 24 cm. |
| 500 ## - GENERAL NOTE | |
| General note | "A Wiley-Interscience publication." |
| 500 ## - GENERAL NOTE | |
| General note | Includes index. |
| 502 ## - DISSERTATION NOTE | |
| Dissertation note | . |
| 650 #0 - SUBJECT ADDED ENTRY--TOPICAL TERM | |
| Topical term or geographic name entry element | Heat engineering. |
| 700 1# - ADDED ENTRY--PERSONAL NAME | |
| Personal name | Tsatsaronis, G. |
| Fuller form of name | (George) |
| 700 1# - ADDED ENTRY--PERSONAL NAME | |
| Personal name | Moran, Michael J. |
| 856 42 - ELECTRONIC LOCATION AND ACCESS | |
| Materials specified | Contributor biographical information |
| Uniform Resource Identifier | <a href="http://www.loc.gov/catdir/bios/wiley041/95012071.html">http://www.loc.gov/catdir/bios/wiley041/95012071.html</a> |
| 856 42 - ELECTRONIC LOCATION AND ACCESS | |
| Materials specified | Publisher description |
| Uniform Resource Identifier | <a href="http://www.loc.gov/catdir/description/wiley032/95012071.html">http://www.loc.gov/catdir/description/wiley032/95012071.html</a> |
| 856 4# - ELECTRONIC LOCATION AND ACCESS | |
| Materials specified | Table of Contents |
| Uniform Resource Identifier | <a href="http://www.loc.gov/catdir/toc/onix03/95012071.html">http://www.loc.gov/catdir/toc/onix03/95012071.html</a> |
| 906 ## - LOCAL DATA ELEMENT F, LDF (RLIN) | |
| a | 7 |
| b | cbc |
| c | orignew |
| d | 1 |
| e | ocip |
| f | 19 |
| g | y-gencatlg |
| 942 ## - ADDED ENTRY ELEMENTS (KOHA) | |
| Source of classification or shelving scheme | |
| Koha item type | Book |
| Withdrawn status | Lost status | Source of classification or shelving scheme | Damaged status | Not for loan | Collection code | Permanent Location | Current Location | Shelving location | Date acquired | Source of acquisition | Cost, normal purchase price | Total Checkouts | Full call number | Barcode | Date last seen | Date last checked out | Price effective from | Koha item type | Copy number |
|---|---|---|---|---|---|---|---|---|---|---|---|---|---|---|---|---|---|---|---|
| US-Pakistan Center for Advanced Studies in Energy (USPCAS-E) | US-Pakistan Center for Advanced Studies in Energy (USPCAS-E) | 12/31/2015 | Golden | 1337.00 | 1 | 621.402 BEJ-T1996 | CAS-E0001213 | 04/04/2016 | 03/08/2016 | 12/31/2015 | Book | ||||||||
| US-Pakistan Center for Advanced Studies in Energy (USPCAS-E) | US-Pakistan Center for Advanced Studies in Energy (USPCAS-E) | 12/31/2015 | Golden | 1337.00 | 1 | 621.402 BEJ-T1996 | CAS-E0001214 | 11/29/2016 | 10/10/2016 | 12/31/2015 | Book | C.2 | |||||||
| US-Pakistan Center for Advanced Studies in Energy (USPCAS-E) | US-Pakistan Center for Advanced Studies in Energy (USPCAS-E) | 12/31/2015 | Golden | 1337.00 | 1 | 621.402 BEJ-T1996 | CAS-E0001215 | 04/12/2016 | 03/08/2016 | 12/31/2015 | Book | C.3 |
